000
00332 a2200169 4500
001
172614
020
_a
85-08-01541-0
040
_c
Magnum
100
_a
França, Mary
240
1
0
_a
O tucano
_l
por
245
1
0
_a
O tucano
300
_a
16
362
0
_a
1993
440
1
_a
Ática
697
_a
LITERATURA INFANTIL
942
_c
BK
999
_c
172614
_d
172614